<?xml version="1.0" encoding="UTF-8"?><?xml-stylesheet type="text/xsl" href="static/style.xsl"?><OAI-PMH xmlns="http://www.openarchives.org/OAI/2.0/" xmlns:xsi="http://www.w3.org/2001/XMLSchema-instance" xsi:schemaLocation="http://www.openarchives.org/OAI/2.0/ http://www.openarchives.org/OAI/2.0/OAI-PMH.xsd"><responseDate>2026-04-13T06:24:42Z</responseDate><request verb="GetRecord" identifier="oai:www.recercat.cat:2099.1/15576" metadataPrefix="marc">https://recercat.cat/oai/request</request><GetRecord><record><header><identifier>oai:recercat.cat:2099.1/15576</identifier><datestamp>2025-07-23T01:54:00Z</datestamp><setSpec>com_2072_1033</setSpec><setSpec>col_2072_452951</setSpec></header><metadata><record xmlns="http://www.loc.gov/MARC21/slim" xmlns:dcterms="http://purl.org/dc/terms/" xmlns:xsi="http://www.w3.org/2001/XMLSchema-instance" xmlns:doc="http://www.lyncode.com/xoai" xsi:schemaLocation="http://www.loc.gov/MARC21/slim http://www.loc.gov/standards/marcxml/schema/MARC21slim.xsd">
   <leader>00925njm 22002777a 4500</leader>
   <datafield ind2=" " ind1=" " tag="042">
      <subfield code="a">dc</subfield>
   </datafield>
   <datafield ind2=" " ind1=" " tag="720">
      <subfield code="a">Rué Cid, Marc</subfield>
      <subfield code="e">author</subfield>
   </datafield>
   <datafield ind2=" " ind1=" " tag="260">
      <subfield code="c">2012-06-13</subfield>
   </datafield>
   <datafield ind2=" " ind1=" " tag="520">
      <subfield code="a">En aquest projecte es presenta una màquina que té com a finalitat&#xd;
comprovar el correcte funcionament de bombes d’injecció diesel, mitjançant&#xd;
un test funcional preprogramat. Aquesta màquina forma part de la línia de&#xd;
producció d’una important multinacional del sector d’automoció en una de&#xd;
les seves plantes.&#xd;
La màquina presenta problemes de desgast prematur i ruptura en alguns&#xd;
dels seus components mecànics, cosa que provoca que la vida útil d’aquests&#xd;
es redueixi notablement. Aquest fet provoca la necessitat de substituir&#xd;
aquests elements afectats molt abans del temps estimat, causant una&#xd;
pèrdua de temps de producció i recursos.&#xd;
El projecte està dividit en tres parts principals, les quals han estat&#xd;
desenvolupades seguint l’ordre en què es descriuen a continuació.&#xd;
En primer lloc, es presenta una descripció de les operacions principals de la&#xd;
màquina per tenir una idea general de les seves funcions. A més a més, una&#xd;
explicació dels components, especialment dels mecànics i les funcions de&#xd;
cadascun d’ells.&#xd;
Seguidament, es presenta una selecció d’alguns components afectats per&#xd;
analitzar i entendre les possibles causes que provoquen el deteriorament de&#xd;
les peces.&#xd;
Finalment, amb els resultats obtinguts, s’exposen algunes proves&#xd;
realitzades i es plantegen propostes per a intentar pal·liar alguns dels&#xd;
problemes detectats.</subfield>
   </datafield>
   <datafield tag="653" ind2=" " ind1=" ">
      <subfield code="a">Àrees temàtiques de la UPC::Enginyeria mecànica</subfield>
   </datafield>
   <datafield tag="653" ind2=" " ind1=" ">
      <subfield code="a">Machinery -- Design and construction</subfield>
   </datafield>
   <datafield tag="653" ind2=" " ind1=" ">
      <subfield code="a">Maquinaria -- Disseny</subfield>
   </datafield>
   <datafield ind2="0" ind1="0" tag="245">
      <subfield code="a">Study, Analysis and Proposed Improvements to a Funcional Test System</subfield>
   </datafield>
</record></metadata></record></GetRecord></OAI-PMH>